Rodinné hry do auta : kapesní knížka plná aktivit, hádanek a kvízů na cesty! /

Hlavní autor: Henseleit, Jack, 1991-
Další autoři: Doležal, Robert, 1969-
Jazyk: Čeština
Vydáno: Praha : Euromedia Group, 2024
Vydání: Vydání první
Edice: Esence
Témata:
Fyzický popis: 143 stran : ilustrace (převážně barevné) ; 20 cm
Knihy
Uloženo v:
LEADER 01889nam a2200541 i 4500
001 nkc20243586938
003 CZ PrNK
005 20241216205227.0
007 ta
008 240910s2024 xr a e f 000 0 cze
015 |a cnb003586938 
020 |a 978-80-242-9789-7  |q (vázáno) 
035 |a (OCoLC)1483792621 
040 |a ABA001  |b cze  |e rda 
041 1 |a cze  |h eng 
072 7 |a 793  |x Společenská zábava  |2 Konspekt  |9 20 
080 |a 793.5/.7+794  |2 MRF 
080 |a 793.7-028.16  |2 MRF 
080 |a 793.7-021.432  |2 MRF 
080 |a 910.4  |2 MRF 
080 |a (035)  |2 MRF 
100 1 |a Henseleit, Jack,  |d 1991-  |7 xx0234081  |4 aut 
240 1 0 |a Family road trip games.  |l Česky 
245 1 0 |a Rodinné hry do auta :  |b kapesní knížka plná aktivit, hádanek a kvízů na cesty! /  |c Jack Henseleit ; z anglického originálu Family road trip games ... přeložil Robert Doležal 
250 |a Vydání první 
264 1 |a Praha :  |b Euromedia Group,  |c 2024 
300 |a 143 stran :  |b ilustrace (převážně barevné) ;  |c 20 cm 
336 |a text  |b txt  |2 rdacontent 
337 |a bez média  |b n  |2 rdamedia 
338 |a svazek  |b nc  |2 rdacarrier 
490 1 |a Esence 
650 0 7 |a společenské hry  |7 ph116241  |2 czenas 
650 0 7 |a slovní hry  |7 ph116184  |2 czenas 
650 0 7 |a logické hry  |7 ph722847  |2 czenas 
650 0 7 |a cestování  |7 ph119114  |2 czenas 
650 0 9 |a parlour games  |2 eczenas 
650 0 9 |a word games  |2 eczenas 
650 0 9 |a logic puzzle games  |2 eczenas 
650 0 9 |a travelling  |2 eczenas 
655 7 |a příručky  |7 fd133209  |2 czenas 
655 9 |a handbooks and manuals  |2 eczenas 
700 1 |a Doležal, Robert,  |d 1969-  |7 pna2012727169  |4 trl 
830 0 |a Esence  |0 s 
910 2 |a BOA001  |b 1-1530.406 
990 |a BK 
995 |a 01 
991 |b 202409  |c NOV 
996 6 |b 2610978957  |c 1-1530.406  |l MZK  |r Sklad / do 1 hodiny  |n 2  |p p.v.  |w 001976629  |u 000010  |a 1  |e BOA001  |j MZK50  |s P